02691nam a2200541 a 450000500170000000800410001702000180005804100080007610000570008424500630014125000120020426000310021630000160024750000930026365300540035665300320041065300500044265300370049265300290052965300270055865300210058565300170060665300450062365300770066865300610074565300550080665300410086165301090090265301300101165300330114165300790117465300150125365300890126865301170135765300500147465300510152465300420157565300290161765300220164665300300166865300490169865301080174765300300185565300320188565300150191765300530193265301640198520240515121639.0101001s2009||||sp a f |||| 001 0 spa d a9788471016041 aspa1 aPedrosa, CésarqSánchez Alvarez-Pedrosa, César aDiagnóstico por imagen. bT.1 Tórax /cCésar Pedrosa a3a ed.  aMadrid: bMarbán;c2009. a858 p.bil. aPedrosa, C. (2009). Diagnóstico por imagen. T.1 Toráx. (3a ed.). Madrid : Marbán.  aDiagnóstico por imagen. Evolución histórica aImagen: conceptos básicos aDigitalización de imágenes radiológicas aRayos X. Los medios de contraste aTomografia computarizada aResonancia magnética aMedicina nuclear aUltrasonidos aRadiología vascular e intervencionista aProtección radiológica y garantía de calidad en radiodiagnóstico aTórax: técnicas e indicaciones en radiodiagnóstico aMedicina nuclear: aparato respiratorio y corazón aAnatomía radiológica del tórax aSemiología torácica: lesiones del espacio aéreo, lesión alveolar. Atelectasia. Hemitórax opaco aSemiología torásica: nódulo y masa pulmonar. Lesión cavitaria y quística. Calcificación pulmonar. Lesión hiliar aLesión intersticial difusa aSemiología: cavidad pleural. Pared torácica. Diafragma. Plexo braquial aMediastino aTórax. Grandes síndromes y signos: dolor torácico, hemoptisis, tos, broncorrea aGrandes síndromes y signos: insuficiencia respiratoria. Hiperclaridad pulmonar. EPOC. Tromboembolismo pulmonar aGrandes síndromes: neumonía, aspiración aNeoplasias del pulmón y vías respiratorias aLesiones inmunológicas del pulmón aTraumatismos torácicos aTórax en la UCI aTórax en neonatología aCorazón: anatomía y técnicas de imagen aSemiología general de las cardiopatías. Insuficiencia cardíaca. Distrés respiratorio del adulto aCardiopatías adquiridas aCardiopatías congénitas aPericardio aSistema vascular: arterias, venas y linfáticos aSistema vascular. Grandes síndromes: hipertesión renovascular. Isquemia arterial crónica periférica. Hemorragia gastrointestinal. Hipertensión portal